| 000 | 00790nam a2200241Ia 4500 | ||
|---|---|---|---|
| 003 | OSt | ||
| 005 | 20220923212024.0 | ||
| 006 | a|||||r|||| 00| 0 | ||
| 007 | ta | ||
| 008 | 220922b |||||||| |||| 00| 0 hin d | ||
| 024 | _a149,926 | ||
| 037 | _cTextual | ||
| 040 |
_aARTS _cARTS _bhin |
||
| 041 |
_2hin _ahin |
||
| 082 | _aa14-3152,12,N7, L8 | ||
| 100 |
_aमहाजन, यशपाल, संपा. _9156274 |
||
| 245 | 0 |
_aहिन्दी ग्रंथ कोश _b1977 |
|
| 246 | _aHindī grantha kosha: 1977 | ||
| 260 |
_aदिल्ली _b भारतीय ग्रंथ निकेतन _c1979 |
||
| 300 |
_a94p _ccm. |
||
| 942 |
_ha14-3152,12,N7, L8 _cTEXL _2CC |
||
| 999 |
_c305606 _d305606 |
||